00315nam a2200121Ia 4500008004100000041000800041082001600049100001400065245004500079260003200124300003000156365000700186240624s9999 xx 000 0 und d aeng a658.827 HAI aHAIG MATT aBRAND ROYALTY HOW THE WORLDS TOP 100 BRA c2005aNew DelhibKogan Page avi, : 314 : p. : cm. ; 22 cRS